000 00454nam a2200193Ia 4500
005 20240823051521.0
008 240823s9999||||xx |||||||||||||| ||und||
020 _a1-59158-015-3
041 _aENGLISH
082 _A509.22 P5
100 _aKendall Haven
245 0 _aWomen at the Edge of Discovery
250 _a1st
260 _c2005
_b"Rain Tree,Ch"
_aChennai
500 _aYES
650 _aGeneral
_bGeneral
942 _cBK
999 _c219768
_d219768